| 000 | 00962cam a2200217 4500 | ||
|---|---|---|---|
| 001 | WB3712-48 | ||
| 008 | 000000n2001 000 0 eng u | ||
| 035 | _a(Sirsi) u111500 | ||
| 245 | _aLack of evening transport hampering economy | ||
| 260 | _c2001 | ||
| 490 |
_aUrban Environment Today _v(117) 15 March 2001, 5(1) |
||
| 520 | _aA new report by the DETR is highlighting that lack of evening transport is having adverse effects on the development of the 'evening economy'. The "Research Report on Planning for Leisure and Tourism" is recommending town planners take into account transport facilities and work more closely with licensing authorities and is available on the DETR web site http://www.planning.detr.gov.uk/rropflalat/summary.htm. | ||
| 590 | _aWB | ||
| 650 | _aECONOMY | ||
| 650 | _aTOWN PLANNING | ||
| 650 | _aLEISURE ACTIVITIES | ||
| 650 | _aTOURISM | ||
| 650 | _aTRANSPORT | ||
| 690 | _aTRANSPORT AND COMMUNICATIONS | ||
| 942 | _n0 | ||
| 999 |
_c66444 _d66444 |
||